Perspectives on organizational communication / (Record no. 5253)
[ view plain ]
| 000 -LEADER | |
|---|---|
| fixed length control field | 00609nam a2200205 a 4500 |
| 001 - CONTROL NUMBER | |
| control field | 637469 |
| 005 - DATE AND TIME OF LATEST TRANSACTION | |
| control field | 20250327123826.0 |
| 008 - FIXED-LENGTH DATA ELEMENTS--GENERAL INFORMATION | |
| fixed length control field | 940304s1994 wiua b 001 0 eng |
| 020 ## - INTERNATIONAL STANDARD BOOK NUMBER | |
| International Standard Book Number | 0697201341 |
| 050 00 - LIBRARY OF CONGRESS CALL NUMBER | |
| Classification number | HD30.3 |
| Item number | .D33 1994 |
| 082 00 - DEWEY DECIMAL CLASSIFICATION NUMBER | |
| Classification number | 658.4/5 |
| Edition information | 20 |
| 100 1# - MAIN ENTRY--PERSONAL NAME | |
| Personal name | Daniels, Tom D. |
| 245 10 - TITLE STATEMENT | |
| Title | Perspectives on organizational communication / |
| Statement of responsibility, etc. | Tom D. Daniels, Barry K. Spiker. |
| 250 ## - EDITION STATEMENT | |
| Edition statement | 3rd ed. |
| 260 ## - PUBLICATION, DISTRIBUTION, ETC. | |
| Place of publication, distribution, etc. | Madison, Wis. : |
| Name of publisher, distributor, etc. | Brown & Benchmark, |
| Date of publication, distribution, etc. | c1994. |
| 300 ## - PHYSICAL DESCRIPTION | |
| Extent | xv, 344 p. : |
| Other physical details | ill. ; |
| Dimensions | 24 cm. |
| 650 #0 - SUBJECT ADDED ENTRY--TOPICAL TERM | |
| Topical term or geographic name entry element | Communication in organizations. |
| 700 1# - ADDED ENTRY--PERSONAL NAME | |
| Personal name | Spiker, Barry K. |
| 942 ## - ADDED ENTRY ELEMENTS (KOHA) | |
| Source of classification or shelving scheme | Library of Congress Classification |
| Koha item type | Books |
| Suppress in OPAC | No |
| 999 ## - | |
| -- | 5253 |
| -- | 5253 |
| Withdrawn status | Lost status | Source of classification or shelving scheme | Damaged status | Not for loan | Collection | Home library | Current library | Shelving location | Date acquired | Total checkouts | Full call number | Barcode | Date last seen | Copy number | Price effective from | Koha item type |
|---|---|---|---|---|---|---|---|---|---|---|---|---|---|---|---|---|
| Library of Congress Classification | Non-fiction | Undergraduate Library (Christ Temple) | Undergraduate Library (Christ Temple) | General stacks | 03/27/2025 | HD30.3 DAN | ulct00002015 | 03/27/2025 | 1 | 03/27/2025 | Books | |||||
| Library of Congress Classification | Non-fiction | Undergraduate Library (Christ Temple) | Undergraduate Library (Christ Temple) | General stacks | 03/27/2025 | HD30.3 DAN | ulct00002016 | 03/27/2025 | 2 | 03/27/2025 | Books |